[Event "UZB-ch 1st League"]
[Site "Tashkent"]
[Date "2010.04.18"]
[Round "8"]
[White "Tastanov, Arstan"]
[Black "Hamrakulova, Yulduz"]
[Result "0-1"]
[WhiteElo "2059"]
[BlackElo "2249"]
[PlyCount "112"]
[EventDate "2010.04.11"]
[EventType "tourn"]
[EventRounds "11"]
[EventCountry "UZB"]
[SourceTitle "EXT 2013"]
[Source "ChessBase"]
[SourceDate "2012.11.22"]
[SourceVersion "1"]
[SourceVersionDate "2012.11.22"]
[SourceQuality "1"]

1. Nf3 Nf6 2. d4 g6 3. g3 Bg7 4. Bg2 d5 5. 0-0 0-0 6. h3 c6 7. Nbd2 Nbd7 8. c3 Qc7 9. Re1 c5 10. e4 cxd4 11. Nxd4 dxe4 12. Nxe4 Nxe4 13. Rxe4 Nc5 14. Re1 e5 15. Nb3 Ne6 16. Be3 f5 17. Bd5 Kh8 18. Bxe6 Bxe6 19. Qf3 b6 20. Rad1 Rad8 21. Rxd8 Rxd8 22. Rd1 Rxd1+ 23. Qxd1 f4 24. gxf4 exf4 25. Bd4 Bxh3 26. Qf3 Bd7 27. Qa8+ Bc8 28. Qe4 Bxd4 29. Nxd4 Kg7 30. Nb5 Qc5 31. Nxa7 Qg5+ 32. Kh2 Bf5 33. Qe5+ Kh6 34. Nc6 Qh5+ 35. Kg1 Qg4+ 36. Kf1 Qd1+ 37. Kg2 Qg4+ 38. Kf1 Qh3+ 39. Kg1 Qg4+ 40. Kf1 Bd3+ 41. Ke1 Bc4 42. Nd4 Qg2 43. Kd2 Qxf2+ 44. Kc1 Qf1+ 45. Kc2 Qd3+ 46. Kc1 Qe3+ 47. Qxe3 fxe3 48. b3 Bd3 49. Kd1 Kg5 50. a4 Kf4 51. Ke1 h5 52. Ne6+ Kf5 53. Nd4+ Ke4 54. Ne6 Bc2 55. b4 Bxa4 56. c4 Bb3 0-1

[Event "UZB-ch 1st League"]
[Site "Tashkent"]
[Date "2010.04.17"]
[Round "7"]
[White "Rustamov, Alisher"]
[Black "Tastanov, Arstan"]
[Result "1-0"]
[WhiteElo "2264"]
[BlackElo "2059"]
[PlyCount "85"]
[EventDate "2010.04.11"]
[EventType "tourn"]
[EventRounds "11"]
[EventCountry "UZB"]
[SourceTitle "EXT 2013"]
[Source "ChessBase"]
[SourceDate "2012.11.22"]
[SourceVersion "1"]
[SourceVersionDate "2012.11.22"]
[SourceQuality "1"]

1. g3 d5 2. Bg2 e5 3. d3 Nc6 4. Nf3 Be7 5. 0-0 h5 6. h4 Nf6 7. c4 d4 8. Na3 Ng4 9. Nc2 0-0 10. Rb1 Nb4 11. Nxb4 Bxb4 12. a3 Be7 13. b4 f5 14. Bg5 f4 15. Bxe7 Qxe7 16. Ng5 c6 17. c5 Rf5 18. b5 Rxg5 19. hxg5 Qxg5 20. Qb3+ Kh8 21. bxc6 bxc6 22. Qf7 Bf5 23. Rb7 fxg3 24. f4 exf4 25. Rxf4 Ne3 26. Bf3 Bh7 27. Qe7 Qh6 28. Rf8+ Rxf8 29. Qxf8+ Bg8 30. Rb8 Qe6 31. Qe8 Qxe8 32. Rxe8 g6 33. Bxc6 Kg7 34. Bg2 Bf7 35. Re7 Kf6 36. Rxa7 h4 37. c6 Nxg2 38. Rxf7+ Kxf7 39. c7 Nf4 40. c8Q Kf6 41. Qd8+ Kf5 42. Qxh4 g5 43. Qxg3 1-0